Chi è il più densamente popolato? - Statistics

Statistiche generali
  • Questo quiz è stato fatto 23 volte
  • Il punteggio medio è 4 su 15
Statistiche sulle risposte
Domanda Risposta % Corretto
Chi è il più densamente popolato? Venezuela
57%
Chi è il più densamente popolato? Catania
43%
Chi è il più densamente popolato? Francia
43%
Chi è il più densamente popolato? Iran
38%
Chi è il più densamente popolato? Argentina
33%
Chi è il più densamente popolato? Monaco
33%
Chi è il più densamente popolato? Grecia
29%
Chi è il più densamente popolato? Spagna
29%
Chi è il più densamente popolato? Toscana
24%
Chi è il più densamente popolato? Veneto
24%
Chi è il più densamente popolato? Trieste
19%
Chi è il più densamente popolato? San Marino
14%
Chi è il più densamente popolato? Bahrein
10%
Chi è il più densamente popolato? Bergamo
10%
Chi è il più densamente popolato? Italia
10%
Nessun quiz corrispondente trovato
Distribuzione punteggi
Percentuale di utenti per punteggio
Percentile per numero di risposta
I tuoi punteggi nel tempo
Non hai fatto questo quiz